Santa Fe 2917, Rosario, Santa Fe
Lu-Vi 8 a 19.45
+54-341-4232362
bibliotecaeudoro@gmail.com
Facebook Biblioteca Pedagógica
Sitio web

Un crimen dialéctico / (Registro nro. 32842)

Detalles MARC
000 -CABECERA
campo fijo de control de longitud 00637nam a22002177a 4500
001 - NÚMERO DE CONTROL
campo de control 32842
003 - IDENTIFICADOR DEL NÚMERO DE CONTROL
campo de control AR-RoBPED
005 - FECHA Y HORADE LA ULTIMA TRANSACCION
campo de control 20260611131301.0
008 - ELEMENTOS DE LONGITUD FIJA--INFORMACION GENERAL
campo fijo de control de longitud 260610s2026 ag ||||gr|||| 001 1 spa d
020 ## - ISBN
ISBN 9786316691811
040 ## - FUENTE CATALOGADORA
Centro catalogador/agencia de origen AR-RoBPED
041 ## - IDIOMA
Código de idioma para texto/pista de sonido o título independiente spa
100 1# - ENCABEZAMIENTO PRINCIPAL--AUTOR PERSONAL
Nombre de persona Martínez, Guillermo
Fechas nac-muerte 1962-
9 (RLIN) 15141
245 1# - TITULO
Título Un crimen dialéctico /
Mención de responsabilidad Guillermo Martínez.
260 ## - PUBLICACION
Lugar Buenos Aires :
Editor Seix Barral,
Fecha 2026.
300 ## - DESCRIPCION FISICA
Extensión 213 p.
650 #4 - TERMINO DE MATERIA--CONTROLADO
Término controlado LITERATURA ARGENTINA
9 (RLIN) 15616
Término controlado NOVELAS
9 (RLIN) 25
942 ## - ELEMENTOS KOHA
Fuente de clasificación Universal Decimal Classification
Número Koha K. 32842
Koha tipo de ítem Libro
Clasificación 860(82)-31
Signatura librística Mg 26 cr
N° inventario Inv. 42526
Existencias
Estado retirado Estado perdido Fuente de clasificación Estado dañado No se presta Biblioteca propietaria Biblioteca de reserva Fecha de adquisición Procedencia Total de préstamos Total de renovaciones Signatura topográfica completa Código de barras (nº de inventario) Préstamo Fecha visto por última vez Fecha del último préstamo Catalogador y fecha Tipo de ítem Koha Nota pública
    Universal Decimal Classification     Biblioteca Pedagógica Eudoro Díaz Biblioteca Pedagógica Eudoro Díaz 09/06/2026 compra 2 1 860(82)-31 Mg 26 cr 42526 28/07/2026 26/06/2026 26/06/2026 fd 10/06/2026 Libro Se presta 15 días